000 01620nam a2200277 a 4500
001
003 OSt
005 20211108075103.0
008 081126s1987 dr 001 0 spa d
040 _aDO-SdBNP
_bspa
_cBPMSU
082 _a972.93
_bB742a 1987
_222
100 1 _a Bosch, Juan,
_d1909-2001
_91
245 1 0 _aArtículos y conferencias /
_cJuan Bosch.
250 _a4a. ed.
260 _aSanto Domingo :
_bAlfa & Omega,
_c1987
300 _a253 p. ;
_c21 cm.
505 0 _tTres conferencias sobre la inflación --
_tDatos para la historia del azúcar en la República Dominicana --
_tMon Cáceres, el tiranicida /
_gDe literatura opiniones sobre dos novelas de Gabriel García Márquez y una de Miguel Otero Silva --
_tCien años de soledad --
_tCartas al autor de "la increíble y triste historia de la Cándida Erendira y su abuela desalmada" --
_tPalabras en torno a casas muertas --
_t García Godoy y su obra /
_gArtículos políticos --
_tLas panteras negras: un caso de sociología política --
_tEl PRD y la lucha de clases /
_gPolémica y aclaración --
_tPrólogo indispensable a una breve historia de la oligarquía --
_tUna aclaración necesaria /
590 _aInventariado, 2021/VM
600 1 4 _aCáceres, Ramón,
_d1866-1911
650 4 _aInflación
_vEnsayos, conferencias, etc.
650 4 _aIndustria azucarera
_zRepública Dominicana
_xHistoria
_vEnsayos, conferencias, etc.
650 4 _aLiteratura latinoamericana
_ySiglo XX
_vEnsayos, conferencias, etc.
651 4 _aRepública Dominicana
_xPolítica y gobierno
_z1961-
_vEnsayos, conferencias, etc.
910 _a VMateo V.
942 _2ddc
_cBK
999 _c13846
_d13846